| 000 | 00710cam a2200217 a 4500 | ||
|---|---|---|---|
| 001 | 000007295 | ||
| 005 | 20200929154126.0 | ||
| 008 | 851003s1972 ve 000 0cspa | ||
| 040 |
_aDO-SdBNP _bspa _cDLC _dBNPHU |
||
| 050 | 0 | 0 |
_aCT184 _b.U82 1982 |
| 082 |
_a920/.02 _219 _bU86v |
||
| 100 | 1 |
_aUslar Pietri, Arturo, _d1906-2001. _912623 |
|
| 245 | 1 | 0 |
_aValores humanos : _bbiografías y evocaciones / _cArturo Uslar-Pietri. |
| 260 |
_aCaracas, (Venezuela) : _bEDIME: _aMadrid : _bMediterráneo, _c1972. |
||
| 300 |
_a4 v. ; _c19 cm. |
||
| 490 | 1 |
_abolsillo EDIME _v13/14/15/16 |
|
| 650 | 0 |
_aBiography. _920257 |
|
| 830 | 0 |
_abolsillo EDIME ; _v13/14/15/16 _920258 |
|
| 910 | _aCatalogación derivada | ||
| 049 | _aBNGR | ||
| 999 |
_c7076 _d7076 |
||